000 00759nam a2200277Ia 4500
003 OSt
005 20220918163503.0
006 a|||||r|||| 00| 0
007 ta
008 220917b |||||||| |||| 00| 0 eng d
020 _a0048000213
024 _a11,043
037 _cTextual
040 _aARTS
_cARTS
_beng
041 _2eng
_aeng
082 _aO111,1H40:g, M5
100 _aPearsall Derek
_913400
245 0 _aConterbury tales
260 _aLondon
_bGeorge Allen
_c1985
300 _axiv, 380p.
_ccm.
490 _aUnwin critical library
500 _aBibliography p344-70; Appendix (p321-26)
650 _aCHAUCER, GEOFFREY
_913401
942 _hO111,1H40:g, M5
_cTEXL
_2CC
999 _c119812
_d119812